| 000 | 01119cas a2200325 a 4500 | ||
|---|---|---|---|
| 001 | 11779732 | ||
| 005 | 20030226101419.0 | ||
| 008 | 990715c19999999ii qr p 0 0eng | ||
| 010 | _a 99935446 | ||
| 025 | _aI-D-E-99-935446; 45; 34 | ||
| 035 | _a(OCoLC)ocm41885433 | ||
| 037 | _bApplied Science Periodical, Siwan 841226 | ||
| 040 |
_aDLC _cDLC |
||
| 042 | _alc | ||
| 050 |
_aQA1 _b.A6476 |
||
| 245 |
_aApplied science periodical : _ba periodical devoted to mathematical and natural sciences. |
||
| 260 |
_aSiwan : _bJ.B. Prasad, Kumar Pankaj _c1999- |
||
| 300 |
_av. ; _c24 cm. |
||
| 310 | _aFour issues a year | ||
| 362 | _aVol. 1, no. 1 (Feb. 1999)- | ||
| 500 | _aTitle from cover. | ||
| 650 |
_aMathematics _vPeriodicals. |
||
| 650 |
_aScience _vPeriodicals. |
||
| 270 |
_aNirala Nagar _bSiwan _e841226 _k9430205349 _l06154-243832 _maspsiwan_1999@yahoo.co.in |
||
| 906 |
_a7 _bcbc _cserials _d3 _encip _f19 _gn-oclcserc |
||
| 942 |
_2ddc _cSR _s1 |
||
| 999 |
_c25854 _d25854 |
||